| 000 | 00663nam a22002057a 4500 | ||
|---|---|---|---|
| 008 | 150522b xxu||||| |||| 00| 0 eng d | ||
| 020 | _a9280810952 (pbk.) | ||
| 041 | 0 | _aeng | |
| 080 | _a342.3 | ||
| 245 | 0 | 0 |
_aEmerging forces in environmental governance / _cedited by Norichika Kanie and Peter M. Haas. |
| 260 |
_aTokyo ; _aNew York : _bUnited Nations University Press, _cc2004. |
||
| 300 |
_a295 f _c24 cm. |
||
| 505 | _aIndex:f. 290-295 | ||
| 650 |
_aPolitika Mjedisore _xBashkëpunimi ndërkombëtar. |
||
| 650 | _aAmbientalizmi | ||
| 650 | _aZhvillimi i qëndrueshëm | ||
| 700 | 1 |
_aKanie, Norichika, _d1969- |
|
| 700 | 1 | _aHaas, Peter M. | |
| 942 |
_2udc _cBK |
||
| 999 |
_c895 _d895 |
||